000 00614nam a2200229 i 4500
001 C2-0127177
003 PPAK
005 20180727115957.0
008 970917s1993 my |||| ||||| | may d
040 _aPPAK
_beng
_cPPAK
_erda
082 0 4 _a899.233
_223
090 0 0 _a899.233
_bJAM
_dK
100 0 _aJamaluddin Othman,
_eauthor
245 1 0 _aRumah persinggahan
264 1 _aWilayah Persekutuan :
_bMutiara ,
_c1993
300 _a30 pages ;
_c18 cm
336 _2rdacontent
_atext
337 _2rdamedia
_aunmediated
338 _2rdacarrier
_avolume
650 1 0 _aChildren's stories, Malay
942 _ddc
_cB
999 _c37886
_d37886